Sports Quiz

Random Sports or MLB Quiz

MLB 600 Doubles and Triples Combined Quiz Stats

 Plays Quiz Updated Jun 30, 2015

Challenge
Share
Tweet
Embed
Score 0/63 Timer 10:00
0 Plays Today
Played Player % Correct
1905-1928Ty Cobb
90.4%
1914-1935Babe Ruth
87%
1963-1986Pete Rose
82.2%
1923-1939Lou Gehrig
78.8%
1954-1976Hank Aaron
78.7%
1951-1973Willie Mays
78.4%
1995-2014Derek Jeter
77.1%
1986-2007Barry Bonds
75.2%
1991-2011Ivan Rodriguez
75%
1941-1963Stan Musial
73.1%
1897-1917Honus Wagner
72%
1981-2001Cal Ripken, Jr.
68%
1988-2007Craig Biggio
67.7%
1956-1976Frank Robinson
65.8%
1973-1993George Brett
64.8%
1982-2001Tony Gwynn
62.4%
1974-1993Robin Yount
61.8%
1961-1983Carl Yastrzemski
60.8%
1978-1998Paul Molitor
59.8%
1907-1928Tris Speaker
59%
1982-1999Wade Boggs
57.5%
2001-2016Albert Pujols
57.4%
1955-1972Roberto Clemente
56.9%
1915-1937Rogers Hornsby
54.3%
1871-1897Cap Anson
52.2%
1896-1916Nap Lajoie
51%
1915-1934Sam Rice
47.9%
1973-1995Dave Winfield
46.7%
1961-1979Lou Brock
46%
1986-2005Rafael Palmeiro
45.9%
1997-2013Todd Helton
44.5%
1990-2008Luis Gonzalez
43.9%
Played Player % Correct
1926-1945Paul Waner
41.7%
1998-2016Adrián Beltré
36.4%
1976-1996Andre Dawson
36.3%
1899-1917Sam Crawford
35%
1906-1930Eddie Collins
34.3%
1998-2016Carlos Beltrán
33.8%
1924-1942Charlie Gehringer
33.2%
1890-1909George Davis
29.6%
1924-1944Al Simmons
28.5%
2000-2016Jimmy Rollins
24.7%
1973-1991Dave Parker
24.5%
1888-1903Ed Delahanty
22.5%
1932-1948Joe Medwick
21%
1992-2008Jeff Kent
20.2%
1914-1932Harry Heilmann
19.7%
1919-1937Frankie Frisch
18.1%
1909-1927Zack Wheat
16.8%
1995-2012Johnny Damon
16.8%
1921-1938Goose Goslin
14.7%
1996-2014Bobby Abreu
14.3%
1879-1904Dan Brouthers
13.4%
1926-1945Joe Cronin
11.7%
1958-1975Vada Pinson
11.4%
1968-1985Al Oliver
11.2%
1923-1939Heinie Manush
10.3%
1888-1907Jake Beckley
9%
1880-1897Roger Connor
9%
1922-1937Jim Bottomley
8.1%
1872-1904Jim O'Rourke
6.4%
1939-1960Mickey Vernon
5.1%
1885-1903Jimmy Ryan
4.8%

You're not logged in!

Compare scores with friends on all Sporcle quizzes.
Join for Free
OR
Log In

You Might Also Like...

Show Comments

Extras

Top Quizzes Today


Score Distribution

Your Account Isn't Verified!

In order to create a playlist on Sporcle, you need to verify the email address you used during registration. Go to your Sporcle Settings to finish the process.

Report this User

Report this user for behavior that violates our Community Guidelines.

Details: